Quizzes
Events
Quiz Creation
Community
Videos
Private Events
Remove Ads
Sign In
Join for FREE
Feedback
Dark Mode
Quiz Categories
Sports
Geography
Music
Movies
Television
Just For Fun
Miscellaneous
History
Literature
Language
Science
Gaming
Entertainment
Religion
Holiday
For Kids
Quiz Lab
Recent
Popular Today
Quiz Kudos Today
Editor Picks
Curator Picks
Quizzes by...
Day
Popularity
Type
Ratings
Length
Year
Community
Subscriptions
Recent Discussions
Orange Saloon
Badges
Playlists
Quests
Create
Leaderboards
Showdown
Live 5
Trivia Bingo
Activity
Puzzle Library
Sporcle Events
Private Events
Virtual Trivia
Globe League
Become a Host
Pub Owners
SporcleCon
Opinionation
Our Games
Videos
Blog
Mobile Apps
Partnerships
Remove Ads and Go Orange
Feedback
Literature
Harry Potter
A Song of Ice and Fire
The Hunger Games
Literary Character
Shakespeare
Book
Author
Novel
Poem
Young Adult
Children's Books
Play
Lord of the Rings
Literature
Harry Potter
A Song of Ice and Fire
The Hunger Games
Literary Character
Shakespeare
Book
Author
Novel
Poem
Young Adult
Children's Books
Play
Lord of the Rings
Random Quiz
Search Sporcle
×
Quiz Lab
Quiz Lab
Literature
Character
Type in answers that appear in a list
Type in answers that appear in a list
Classic
Best Score? Go Orange.
The Key To Rondo - Main Characters Stats
Can you name the main characters from the Key to Rondo?
By
C3_Quest
8m
10 Questions
24 Plays
24 Plays
24 Plays
Comments
Comments
Give Quiz Kudos
Give Quiz Kudos
-
- Ratings
hide this ad
More Info
Replay
Link that replays current quiz
Next Quiz
Link to next quiz in quiz playlist
You Got
0%
They Got
Avg Score
73%
Avg Friend Score
Upgrade to see
Score Distribution
Jump to the score distribution portion of the page
Score
0/10
Timer
08:00
0
Plays Today
Purpose or Recognition
Character Name
% Correct
Farmer McDonald's Watch Pig
Bertha
91.7%
An evil witch and queen
The Blue Queen
87.5%
Formerly known as Henry Langlander
Hal
83.3%
The dot-
catcher's talking duck
Freda
83.3%
A dot-
catcher, who helps defeat the main enemy
Conker
79.2%
The last of the Terlemaine
Tye
79.2%
Also know as 'Wicked' Uncle George
Spoiler
79.2%
The owner of the key's pet dog
Mutt
75%
The owner of the musicbox.
Leo Zifkak
54.2%
The musicbox owner's cousin and owner of the key.
Mimi (Marion) Langlander
25%
Quiz Playlist
Details
Report
Send in Message
Add To Playlist
More Info:
This quiz is based on a fantastic book called The Key To Rondo by Emily Rodda.
Classic:
Type in answers that appear in a list
Quiz Source
Last Updated: Feb 16, 2017
Quiz Scoreboard
CHALLENGE
Sign Up to Join the Scoreboard
Show All
Scores
Hide
Comments
May contain spoilers
Recently Published
Movies - When Are They Set?
by FPL_Elf
Movies
5m
Popular People in 1961
by mucciniale
History
6m
1-10 Letter E Words III
by El_Dandy
Language
2m
More to Explore
Quiz From the Vault
Featured Blog Post
Where Did the Easter Bunny Come From?
hide this ad
You Might Also Like...
Tags
Character
Key
purpose
recognition
Today's Top Quizzes in Literature
Browse Literature
hide this ad
Today's Top Quizzes in Character
Browse Character
Top Contributed Quizzes in Literature
1
Sneaky Slytherin Logic Puzzle
2
One Thing in Common: Literature
3
Get The Picture: Black or White Literature
4
Weasley Family Reunion: Logic Puzzle
5
Harry Potter Neighbourly Logic Puzzle #1
6
Harry Potter Neighbourly Logic Puzzle #5
7
One Thing in Common: Books
8
One Thing in Common: Literature II
9
One Thing in Common: Literature 3
10
Literary Siblings Odd One Out III
Explore More
Trending Topics
Crossword
Harry Potter
NBA
Disney
Kpop
Marvel
Anime
Puzzle
Soccer
WWE
NFL
Pokémon
The Office
Song
Country
hide this ad
More By:
C3_Quest
Quiz
Plays
Rating
Category
Featured
Created
Harry Potter Quiz (More Questions Added Each Week)
1,434
4.58
Literature
Mar 15, 2012
Click That Cat!
1,231
3.60
Miscellaneous
May 7, 2012
Up All Night Lyrics
922
4.50
Music
May 6, 2012
Harry Potter Married Couples
833
4.60
Literature
Apr 21, 2012
Type the Alphabet 6 Times - 60 Second Blitz!
515
3.00
Just For Fun
Apr 11, 2012
Go to Creator's Profile
Score Distribution
Quiz Creator Spotlight
C3_Quest
Follow
Send a Message
Quizzes Created
-
Created Quiz Play Count
-
More By This Creator
Popular Quizzes Today
1
Find the Countries of Europe - No Outlines Minefield
2
Find the US States - No Outlines Minefield
3
The Countries of the World
4
Popular People in 1961
5
US States
6
1-10 Letter E Words III
7
Find the US States
8
One Thing in Common: World Cities II
More Literature Quizzes
Harry Potter Mystery Passage 31 (Expert Level)
Quiz Lab
Trending Quizzes
Risky Map Clicking: Least Populous States A-Z
1-10 Letter F Words
Humor Books: The Subtitles
1-10 Letter G Words
One Thing in Common: United Kingdom
Recently Updated
Leaping Animals
pecheneg
Reality TV Shows (A-Z)
bhenderson79
Rickey Henderson's Hall of Fame Teammates
pecheneg
Champions League XIs: Arsenal
pecheneg
Quick Pick: Celebrities in WWE's Hall of Fame
aduchscher
A-Z Keypad Blitz II
pecheneg
Multiple Oscar Actors
pecheneg
Mystery Phrase Blitz: Oscar 'Best Actors'
pecheneg
F. Scott Fitzgerald Novels
LTH
Pick 3 Villains
ddd62291
Trending Topics
Kpop
Harry Potter
Crossword
Marvel
NBA
Anime
Disney
WWE
Song
Puzzle
Pokémon
The Office
Soccer
NFL
Country
Your Account Isn't Verified!
In order to create a playlist on Sporcle, you need to verify the email address you used during registration. Go to your
Sporcle Settings
to finish the process.
Report this User
Report this user for behavior that violates our
Community Guidelines
.
Details:
Send Report
Go to the Sporcle.com Mobile Site →
Comments